MDQL
is popping MORE tags! Check the
thread
!
Quizzes
Events
Quiz Creation
Community
Videos
Private Events
Remove Ads
Sign In
Join for FREE
Feedback
Dark Mode
Quiz Categories
Sports
Geography
Music
Movies
Television
Just For Fun
Miscellaneous
History
Literature
Language
Science
Gaming
Entertainment
Religion
Holiday
For Kids
Quiz Lab
Recent
Popular Today
Quiz Kudos Today
Editor Picks
Curator Picks
Quizzes by...
Day
Popularity
Type
Ratings
Length
Year
Community
Subscriptions
Recent Discussions
Orange Saloon
Badges
Playlists
Quests
Create
Leaderboards
Showdown
Live 5
Trivia Bingo
Activity
Puzzle Library
Sporcle Events
Private Events
Virtual Trivia
Globe League
Become a Host
Pub Owners
SporcleCon
Opinionation
Our Games
Videos
Blog
Mobile Apps
Partnerships
Remove Ads and Go Orange
Feedback
Sports
Athletes
MLB
NBA
NHL
NFL
Soccer
Sports Teams
WWE
NCAA
Football
Premier League
Basketball
Baseball
Hockey
Golf
Tennis
Cricket
Rugby
Auto Racing
Olympics
World Cup
Sports
Athletes
MLB
NBA
NHL
NFL
Soccer
Sports Teams
WWE
NCAA
Football
Premier League
Basketball
Baseball
Hockey
Golf
Tennis
Cricket
Rugby
Auto Racing
Olympics
World Cup
Random Quiz
Search Sporcle
×
Quiz Lab
Quiz Lab
Sports
Clickable
Select answers by clicking on text or image buttons
Select answers by clicking on text or image buttons
Clickable
Best Score? Go Orange.
WWE Hall of Famers (clickable) Stats
Can you pick the WWE Hall of Famers?
By
nscox
5m
50 Questions
4,182 Plays
4,182 Plays
4,182 Plays
Comments
Comments
Give Quiz Kudos
Give Quiz Kudos
-
- Ratings
hide this ad
Random Order
Randomize order of answers
Randomize order of answers
Replay
Link that replays current quiz
Next Quiz
Link to next quiz in quiz playlist
You Got
0%
They Got
Avg Score
77%
Avg Friend Score
Upgrade to see
Score Distribution
Jump to the score distribution portion of the page
Score
0/50
Timer
05:00
0
Plays Today
% Correct
Andre the Giant
87.1%
Hulk Hogan
86.5%
Ric Flair
86.4%
Bret Hart
86.2%
Roddy Piper
85.6%
Dusty Rhodes
85.2%
Jerry Lawler
84.9%
Sgt. Slaughter
84.8%
Shawn Michaels
84.8%
Steve Austin
84.2%
Eddie Guerrero
84%
Ricky Steamboat
83.7%
Ted DiBiase
83.7%
Jimmy Snuka
83.5%
The Iron Sheik
83.5%
Mr. Perfect
83.2%
Bobby Heenan
82.5%
The Fabulous Moolah
81.8%
Edge
81.8%
Pat Patterson
81.7%
Yokozuna
81.2%
The Road Warriors
80.9%
Junkyard Dog
79.6%
Harley Race
79.3%
Jim Duggan
79%
% Correct
Jimmy Hart
79%
Billy Graham
78.9%
Tito Santana
78.2%
Ron Simmons
77.2%
Buddy Rogers
76.6%
Greg Valentine
76.5%
Jesse Ventura
76.3%
Paul Orndorff
75%
Big John Studd
75%
George Steele
73.8%
The Sheik
73.5%
Lou Albano
72.3%
Nikolai Volkoff
72.2%
Sensational Sherri
71.8%
Don Muraco
71%
Killer Kowalski
70.3%
Abdullah the Butcher
69.5%
The Funk Brothers
69%
Gorgeous George
68.6%
Sunny
68.3%
Verne Gagne
65.1%
The Blackjacks
64%
Mad Dog Vachon
61.3%
Nick Bockwinkel
60.9%
Bobo Brazil
59%
Quiz Playlist
Details
Report
Send in Message
Add To Playlist
Clickable:
Select answers by clicking on text or image buttons
Random Order:
Randomize order of answers
Quiz Source
Last Updated: Jul 4, 2017
Quiz Scoreboard
CHALLENGE
Sign Up to Join the Scoreboard
Show All
Scores
Hide
Comments
May contain spoilers
Recently Published
Image Sorting: Flags VI
by Barbecue
Geography
2m
Find the 'City' Movie
by crazypaving
Movies
60s
Colored Red Africa Blitz
by spor1
Geography
45s
More to Explore
Quiz From the Vault
Featured Blog Post
14 Easter Pick-up Lines to Find Eggs With
hide this ad
You Might Also Like...
Tags
Clickable Quiz
WWE Quiz
Hall of Fame
NWA
WCW
Wrestlers
Wrestling
WWF
Today's Top Quizzes in Sports
Browse Sports
hide this ad
Today's Top Quizzes in Clickable
Browse Clickable
Top Contributed Quizzes in Sports
1
Les meilleurs buteurs des matchs entre le PSG et l’OM
2
Les entraîneurs de l'OM et du PSG au 21e siècle
3
Les joueurs passés par le PSG et l'OM
4
2022 World Cup Stars
5
Players with Multiple 50 Home Run Seasons
6
Criteria MLB: Left Handed Sluggers
7
Les joueurs passés par le LOSC et le RC Lens
8
NBA Logic Puzzle 2.0
9
MLB Players with Two .350 Batting Average Seasons
10
FIFA Club World Cup Champions
Explore More
Trending Topics
Anime
NBA
Disney
Marvel
Crossword
Harry Potter
Kpop
Pokémon
Country
Puzzle
NFL
The Office
WWE
Song
Soccer
hide this ad
More By:
nscox
Quiz
Plays
Rating
Category
Featured
Created
2012 Summer Olympics Minefield
527,211
4.14
Sports
Jul 11, 2012
NHL Teams (Redux)
280,110
4.17
Sports
Mar 31, 2012
WWE 'Money in the Bank' Match Participants
246,825
4.23
Sports
Jun 27, 2011
Every WrestleMania Match 1-31!
240,041
4.57
Sports
Mar 4, 2012
Famous Wrestlers by Picture
236,481
4.21
Sports
Sep 13, 2012
Go to Creator's Profile
Score Distribution
Quiz Creator Spotlight
nscox
Follow
Send a Message
Quizzes Created
-
Created Quiz Play Count
-
More By This Creator
Popular Quizzes Today
1
Colored Red Africa Blitz
2
Find the US States - No Outlines Minefield
3
Find the 'City' Movie
4
5x2 Blitz: Bands
5
The Countries of the World
6
Find the US States
7
Find the Countries of Europe - No Outlines Minefield
8
US States
More Sports Quizzes
English football derbies in color
Curator's Pick
Trending Quizzes
Colored Red Europe Blitz I
Colored Red Europe Blitz II
Colored Red Africa Blitz II
Colored Red Europe Blitz III
Colored Red Africa Blitz III
Recently Updated
How Do You Spell That?
pecheneg
Godzilla Movies
pecheneg
Grab Bag: 4-10 Letters
pecheneg
2024 March Madness Bracket
pecheneg
Famous TV Couples
Peacemaker
Champions League XIs: Real Madrid
pecheneg
Largest US Cities 1790-2010
pecheneg
Rides in Walt Disney World
pecheneg
Most Oscar Losses (Acting)
pecheneg
Beyoncé Albums
pecheneg
Trending Topics
Marvel
Harry Potter
Anime
Disney
Kpop
NBA
Crossword
Song
Soccer
Puzzle
NFL
Country
WWE
Pokémon
The Office
Your Account Isn't Verified!
In order to create a playlist on Sporcle, you need to verify the email address you used during registration. Go to your
Sporcle Settings
to finish the process.
Report this User
Report this user for behavior that violates our
Community Guidelines
.
Details:
Send Report
Go to the Sporcle.com Mobile Site →
Comments